000 00868cam a2200289 4500
001 M2168
008 090401t1996 xxu||||| |||| 00| 0 eng d
020 _a1570830371
035 _a(Sirsi) u36889
041 _aeng
050 _a526.982
110 _aAmerican Society for Photogrammetry and Remote Sensing
_93484
245 _aDigital photogrammetry : an addendum to the Manual of Photogrammetry.
260 _aBethsada, MD
_bAmerican Society for Photogrammetry and Remote Sensing
_c1996
300 _avii,247p. : ill. ; 28cm.
350 _a87.95
520 _aDue for publication November 1996.
650 _aDEM
650 _aDIGITAL ELEVATION MODELS
650 _aDIGITAL ORTHOPHOTOS
650 _aGLOBAL POSITIONING SYSTEMS
650 _aPHOTOGRAMMETRY
650 _aSCANNING
690 _aLAND SURVEYING
942 _n0
948 _c04/03/1997
999 _c90399
_d90399